| 000 | 00411nam a2200169 a 4500 | ||
|---|---|---|---|
| 001 | 3568 | ||
| 005 | 20140414132139.0 | ||
| 008 | 040128s19uu xx 00 eng d | ||
| 020 | _a981-4027-13-8 | ||
| 050 |
_aTR 372.7 _bK54 2010 |
||
| 100 | _aKheong, Fong Ho | ||
| 245 |
_aMaths 1b / _cFong Ho Kheong. |
||
| 260 |
_bMPH, _c2001. |
||
| 300 | _a120 p. ; cm. | ||
| 440 | _aMy pals are here! | ||
| 999 |
_c115332 _d115332 |
||